<?xml version="1.0" encoding="UTF-8"?>
<record
    xmlns:xsi="http://www.w3.org/2001/XMLSchema-instance"
    xsi:schemaLocation="http://www.loc.gov/MARC21/slim http://www.loc.gov/standards/marcxml/schema/MARC21slim.xsd"
    xmlns="http://www.loc.gov/MARC21/slim">

  <leader>02352cam a2200421 a 4500</leader>
  <controlfield tag="001">000007526</controlfield>
  <controlfield tag="005">20240625135917.0</controlfield>
  <controlfield tag="008">970730s1996    ve a     b    001 0 spa d</controlfield>
  <datafield tag="020" ind1=" " ind2=" ">
    <subfield code="a">9803450743</subfield>
  </datafield>
  <datafield tag="040" ind1=" " ind2=" ">
    <subfield code="a">DO-SdBNP</subfield>
    <subfield code="b">spa</subfield>
    <subfield code="c">NOC</subfield>
    <subfield code="d">DLC</subfield>
    <subfield code="d">BNPHU</subfield>
  </datafield>
  <datafield tag="082" ind1=" " ind2=" ">
    <subfield code="a">V864.44</subfield>
    <subfield code="b">E59</subfield>
  </datafield>
  <datafield tag="245" ind1="0" ind2="3">
    <subfield code="a">El ensayo literario en Los Teques /</subfield>
    <subfield code="c">Daniuska Gonz&#xE1;lez Gonz&#xE1;lez ... [et al.] ; compilaci&#xF3;n y notas, Emilcen Rivero.</subfield>
  </datafield>
  <datafield tag="260" ind1=" " ind2=" ">
    <subfield code="a">Venezuela :</subfield>
    <subfield code="b">Ateneo de Los Teques,</subfield>
    <subfield code="c">1996.</subfield>
  </datafield>
  <datafield tag="300" ind1=" " ind2=" ">
    <subfield code="a">149 p. :</subfield>
    <subfield code="b">il. ;</subfield>
    <subfield code="c">22 cm.</subfield>
  </datafield>
  <datafield tag="490" ind1="1" ind2=" ">
    <subfield code="a">Ateneo de Los Teques ;</subfield>
    <subfield code="v">27</subfield>
  </datafield>
  <datafield tag="504" ind1=" " ind2=" ">
    <subfield code="a">Incluye referencias bibliogr&#xE1;ficas.</subfield>
  </datafield>
  <datafield tag="505" ind1="0" ind2=" ">
    <subfield code="a">Hector Enrique D&#xED;az: el poeta vidente / Daniuska Gonz&#xE1;lez -- Una antropolog&#xED;a de lo cotidiano / Juan Carlos Santaella -- El hedonismo interior: en torno a El libro del desasosiego de Fernando Pessoa / Pedro Alzuru -- George Orwell: los secretos de una vida para el arte y la pol&#xED;tica / Rafael Romero -- Nietzsche y la tragedia griega / Emilcen Rivero -- La cultura y el arte en Am&#xE9;rica Latina / Miguel Angel P&#xE9;rez L&#xF3;pez -- Camus: la plenitud de S&#xED;sifo / C&#xE9;sar Gedler -- Ruben&#xE1;ngel Hurtado: el poeta de Los Teques / Luis Abad C. -- Enforce gramsciano: la cultura, los intelectuales y el Estado / Carlos Mezones -- De cuando vivian los p&#xE1;jaros y otros poemas / Armando Hern&#xE1;ndez Quintero -- Arturo Uslar Pietri: novela e historia / Rosalina Garc&#xED;a -- La literatura: c&#xF3;mplice de la vida / Carmen Mannarino -- Disentir en la novela: cuatro novelistas venezolanos (1931-1940) / Yolanda Osuna.</subfield>
  </datafield>
  <datafield tag="650" ind1=" " ind2="4">
    <subfield code="a">Ensayos venezolanos</subfield>
    <subfield code="9">4376</subfield>
  </datafield>
  <datafield tag="650" ind1=" " ind2="4">
    <subfield code="a">Literatura venezolana</subfield>
    <subfield code="9">3816</subfield>
  </datafield>
  <datafield tag="700" ind1="1" ind2=" ">
    <subfield code="a">Rivero, Emilcen,</subfield>
    <subfield code="e">comp.</subfield>
    <subfield code="d">1954-</subfield>
    <subfield code="9">20889</subfield>
  </datafield>
  <datafield tag="700" ind1="1" ind2=" ">
    <subfield code="a">Gonz&#xE1;lez, Daniuska,</subfield>
    <subfield code="d">1967-</subfield>
    <subfield code="9">13702</subfield>
  </datafield>
  <datafield tag="700" ind1="1" ind2=" ">
    <subfield code="a">Santaella, Juan Carlos</subfield>
    <subfield code="9">20891</subfield>
  </datafield>
  <datafield tag="700" ind1="1" ind2=" ">
    <subfield code="a">Alzuru, Pedro</subfield>
    <subfield code="9">20892</subfield>
  </datafield>
  <datafield tag="700" ind1="1" ind2=" ">
    <subfield code="a">Romero, Rafael</subfield>
    <subfield code="9">20893</subfield>
  </datafield>
  <datafield tag="700" ind1="1" ind2=" ">
    <subfield code="a">Rivero, Emilcen</subfield>
    <subfield code="9">20894</subfield>
  </datafield>
  <datafield tag="700" ind1="1" ind2=" ">
    <subfield code="a">P&#xE9;rez L&#xF3;pez, Miguel Angel</subfield>
    <subfield code="9">20895</subfield>
  </datafield>
  <datafield tag="700" ind1="1" ind2=" ">
    <subfield code="a">Gedler, C&#xE9;sar</subfield>
    <subfield code="9">20896</subfield>
  </datafield>
  <datafield tag="700" ind1="1" ind2=" ">
    <subfield code="a">Abad, Luis</subfield>
    <subfield code="9">20897</subfield>
  </datafield>
  <datafield tag="700" ind1="1" ind2=" ">
    <subfield code="a">Mezones, Carlos</subfield>
    <subfield code="9">20898</subfield>
  </datafield>
  <datafield tag="700" ind1="1" ind2=" ">
    <subfield code="a">Hern&#xE1;ndez Quintero, Armando</subfield>
    <subfield code="9">20899</subfield>
  </datafield>
  <datafield tag="700" ind1="1" ind2=" ">
    <subfield code="a">Garc&#xED;a, Rosalina</subfield>
    <subfield code="9">14109</subfield>
  </datafield>
  <datafield tag="700" ind1="1" ind2=" ">
    <subfield code="a">Mannarino, Carmen</subfield>
    <subfield code="9">20900</subfield>
  </datafield>
  <datafield tag="700" ind1="1" ind2=" ">
    <subfield code="a">Ozuna Yolanda</subfield>
    <subfield code="9">20901</subfield>
  </datafield>
  <datafield tag="710" ind1="2" ind2=" ">
    <subfield code="a">Ateneo de Los Teques.</subfield>
    <subfield code="9">20902</subfield>
  </datafield>
  <datafield tag="830" ind1=" " ind2="0">
    <subfield code="a">Ateneo de Los Teques ;</subfield>
    <subfield code="v">27</subfield>
    <subfield code="9">20903</subfield>
  </datafield>
  <datafield tag="910" ind1=" " ind2=" ">
    <subfield code="a">Catalogaci&#xF3;n por copia / LC</subfield>
  </datafield>
  <datafield tag="049" ind1=" " ind2=" ">
    <subfield code="a">BNGR</subfield>
  </datafield>
  <datafield tag="952" ind1=" " ind2=" ">
    <subfield code="0">0</subfield>
    <subfield code="1">0</subfield>
    <subfield code="5">2</subfield>
    <subfield code="7">0</subfield>
    <subfield code="8">MO</subfield>
    <subfield code="a">GR</subfield>
    <subfield code="b">GR</subfield>
    <subfield code="c">CT</subfield>
    <subfield code="d">2009-09-08</subfield>
    <subfield code="i">LF1</subfield>
    <subfield code="l">0</subfield>
    <subfield code="o">V864.44 E59</subfield>
    <subfield code="p">7526-10</subfield>
    <subfield code="r">2020-06-25</subfield>
    <subfield code="w">2020-06-25</subfield>
    <subfield code="y">2</subfield>
    <subfield code="Z">Pr&#xE9;stamo interno</subfield>
  </datafield>
  <datafield tag="999" ind1=" " ind2=" ">
    <subfield code="c">7307</subfield>
    <subfield code="d">7307</subfield>
  </datafield>
</record>
